000 00519nam a2200181 i 4500
001 27174
003 ES-MaACL
007 t|
008 030113s1980 sp ||||1| spa d
100 0 _aArroyo, Luis
_9234330
245 1 0 _aDel bit a la telemática
_b: introducción a los ordenadores /
_cLuis Arroyo.
250 _a[1º ed.].
260 _a[Madrid] :
_bAlhambra,
_c[1980]
300 _aXII, 278 p. :
_bil. ;
_c27 cm.
852 _aES-MaACL
_jL-751
_bR.101265
942 _2udc
999 _c27174
_d27174